Statistics for Massive Geography Chain

Click here to take the quiz!

General Stats

  • This quiz has been taken 126 times
  • The average score is 65 of 100

Answer Stats

HintAnswer% Correct
Country on the Iberian PeninsulaSpain
95%
Largest country in AfricaAlgeria
94%
Country which owns GreenlandDenmark
93%
Capital of ScotlandEdinburgh
93%
A city in Japan that is an anagram of TokyoKyoto
93%
Boot shaped ... Language?Italian
91%
Capital of NorwayOslo
91%
Country that Svalbard belongs toNorway
89%
Country devastated by an Earthquake in 2010Haiti
88%
A city less than 75 kilometers away from the aboveOsaka
88%
Former name of EswatiniSwaziland
88%
Longest river in the worldNile
87%
Country fully surrounded by South AfricaLesotho
86%
Home to DisneyworldOrlando
86%
The only country to start with this letterYemen
86%
Capital of UAEAbu Dhabi
85%
Longest mountain range above sea levelAndes
85%
One of two South American countries that doesn't border BrazilEcuador
85%
Second most populous country in the worldIndia
85%
Second longest river in ChinaYellow
85%
A country, and also a riverNiger
84%
All roads lead to this cityRome
84%
Country in ScandinaviaSweden
83%
Second largest city in EgyptAlexandria
82%
Tasmania is its largest islandAustralia
82%
Largest city in the UKLondon
81%
One of two states starting with N that is only one word (name either)Nebraska | Nevada
81%
Only country to start with this letterOman
81%
The 5th most spoken language in the worldArabic
80%
Third most spoken language in the worldEnglish
80%
Its capital is WellingtonNew Zealand
80%
US state with a panhandle above TexasOklahoma
80%
One of the Scandinavian capitalsStockholm
80%
German name for GermanyDeutschland
79%
Main Island of the UKGreat Britain
79%
Country in Central AmericaHonduras
79%
City with the Country Music Hall of FameNashville
79%
Toronto is its capitalOntario
79%
City in England famous for its hard to pronounce sauceWorcester
79%
Capital of UkraineKiev
78%
Biggest city in AlaskaAnchorage
77%
African country that shares its name with its capitalDjibouti
77%
Country that connects Malaysia to the Asian MainlandThailand
76%
The mountain range which separates Asia from EuropeUral
76%
Capital of GreeceAthens
75%
Only Asian country with a capital below the equatorEast Timor
74%
A country whose name is very similar to the aboveAustria
73%
Largest lake in the worldCaspian
72%
Country in the HimalayasNepal
72%
D-Day landing siteNormandy
72%
The former name of the capital of KazakhstanAstana
71%
Largest city in QuebecMontreal
71%
Home of SydneyNew South Wales
71%
Capital of TurkeyAnkara
69%
Capital of MadagascarAntananarivo
69%
Irish city with a famous SpireDublin
69%
Asian country bordering the South China SeaVietnam
69%
Official language of PakistanUrdu
67%
Turkmenistan's capitalAshgabat
65%
A lake and also a countryNicaragua
65%
A U.S. state, and also a riverArkansas
64%
Podgorica is its CapitalMontenegro
64%
River connected to the Ocean through AmsterdamRhine
62%
Capital of CameroonYaounde
62%
Official language of UzbekistanUzbek
61%
City in England, also a name for a horse raceDerby
60%
Famous art museum in ParisLouvre
59%
A very conservative US StateAlabama
57%
A part of a riverEstuary
57%
One of the Baltic statesEstonia
56%
Saudi Arabia's capitalRiyadh
55%
Capital of DominicaRoseau
55%
Two countries in Europe with extremely similar names (name either)Slovakia | Slovenia
55%
Capital of BangladeshDhaka
52%
Southern African countryNamibia
52%
Country in OceaniaVanuatu
51%
One of a few countries with a "The" at the front of their nameNetherlands
49%
Former home to the RaidersOakland
49%
Nigerian languageIgbo
48%
Second word of Israel's largest cityAviv
45%
Massive National park in MontanaYellowstone
45%
What Tanzania's largest city usually goes byDar
43%
Only non-American country starting with this letterHungary
43%
Third largest Island in CanadaEllesmere
40%
Part of a city that is usually historicOld Town
39%
City that used to be called StalingradVolgograd
38%
Its Capital's inner city has a medieval wall surrounding itAzerbaijan
36%
Home of the OilersEdmonton
35%
Another country's name, but shorterDominica
33%
Edgar Allen Poe's HometownRichmond
33%
French Territory in the Southwest Pacific OceanNew Caledonia
32%
Many Lapis Lazuli mines are found hereAfghanistan
26%
City that is the namesake of the fourth most populous US stateYork
24%
Said to be the birthplace of tapasSeville
23%
Only half of this country's name is what it is sometimes calledNorth Macedonia
21%
Birthplace of LeBron JamesAkron
18%
Fourth most populous borough in LondonEaling
18%
Swedish town with four elements named after itYtterby
17%
Tiny Russian town that shares its name with a classical composerKorsakov
7%
Fifth most populous borough in LondonEnfield
5%

Score Distribution

Percentile by Number Answered

Percent of People with Each Score

Your Score History

You have not taken this quiz